000 00720nam a22002292a 4500
001 20321
003 BD-RjUL
005 20211209000541.0
008 140227s1969 ii b 001 0 eng d
035 _aOCLC ocm00053999 from D960520M
_a(BD-RjUL)20383
040 _aDLC
_cDLC
_dOCL
_dBD-RjUL
_beng
041 _aeng
082 _a339.354
_bMUN 1969
100 1 _aMukherjee, M
_962644
245 1 0 _aNational income of India :
_btrends and structure /
_cby M. Mukherjee
260 _aCalcutta:
_bStatistical Pub. Society,
_c1969.
300 _axxix, 519 p. ;
_c23 cm
504 _aIncludes bibliographical references and index.
650 0 _aNational income
_zIndia
_910299
942 _2ddc
_cBK
999 _c20321
_d20321